Kraje używające euro - Nagła śmierć - Statystyki

Ogólne statystyki
  • Ten quiz został rozwiązany 47 razy
  • Średni wynik to 13 z 27
Answers on the Grid
Answers color-coded by a green-red scale on the quiz's grid according to % correct below.
Albania
Andora
Armenia
Austria
Azerbejdżan
Belgia
Białoruś
Bośnia i Hercegowina
Bułgaria
Chorwacja
Cypr
Czarnogóra
Czechy
Dania
Estonia
Finlandia
Francja
Grecja
Gruzja
Hiszpania
Holandia
Irlandia
Islandia
Kazachstan
Kosowo
Liechtenstein
Litwa
Łotwa
Luksemburg
Macedonia Północna
Malta
Mołdawia
Monako
Niemcy
Norwegia
Polska
Portugalia
Rosja
Rumunia
San Marino
Serbia
Słowacja
Słowenia
Szwajcaria
Szwecja
Turcja
Ukraina
Watykan
Węgry
Wielka Brytania
Włochy
 
Statystyki odpowiedzi
Odpowiedź % Poprawnych
Austria
77%
Francja
69%
Belgia
65%
Chorwacja
65%
Holandia
65%
Grecja
62%
Hiszpania
62%
Niemcy
62%
Słowacja
62%
Włochy
62%
Bułgaria
54%
Litwa
46%
Cypr
42%
Estonia
42%
Luksemburg
42%
Portugalia
42%
Andora
38%
Irlandia
38%
Łotwa
38%
Monako
38%
Słowenia
38%
Watykan
38%
Finlandia
35%
Malta
35%
San Marino
31%
Czarnogóra
23%
Kosowo
19%
Nie znaleziono quizów pasujących do podanych kryteriów
Rozkład punktacji
Procent ludzi z każdym wynikiem
Percentyl według liczby udzielonych odpowiedzi
Twoja historia wyników
Nie rozwiązałeś tego quizu